000 00755nam a2200229 a 4500
003 CO-ViMGA
005 20230915232205.0
008 940812s2005 sp ab gr 00110 spa d
020 _a843422819X
040 _aCO-ViMGA
_bspa
_cCO-ViMGA
082 0 4 _aR910.9
_bA75
_219 ed.
245 0 0 _aAtlas básico de exploraciones y descubrimientos /
_ctextos Dolors Gassós.
250 _aDirección editorial Lluís Borràs.
260 3 _aBarcelona :
_bParramón Ediciones,
_c2005.
300 _a96 p. :
_bil., mapas ;
_c28 cm.
500 _aIncluye índice.
650 1 4 _aDescubrimientos geográficos
_v Atlas.
_91695
650 1 4 _aExploradores
_v Atlas.
_91696
650 1 4 _aViajeros
_v Atlas.
_91697
700 1 2 _aGassós, Dolors.
_91698
942 _2ddc
_cBK
999 _c33570
_d33570